Semblanza de Honduras /

Compilación de escritos por varios autores que dan una idea general de lo que fue y es Honduras.

Zapisane w:
Opis bibliograficzny
1. autor: Valle, Rafael Heliodoro (compilación)
Format: Książka
Język:hiszpański
Hasła przedmiotowe:
Etykiety: Dodaj etykietę
Nie ma etykietki, Dołącz pierwszą etykiete!

MARC

LEADER 00000nam^a2200000^a^4500
001 000131326
005 20250521000000.0
009 20260310095019.62
037 |a Acervo ITESO - Biblioteca 
041 |a ESP 
082 |a 972. 83  |b VAL 
100 |a Valle, Rafael Heliodoro  |e (compilación) 
245 1 0 |a Semblanza de Honduras /  |c Comp. de R.H. Valle. 
264 |a Tegucigalpa, Honduras :  |b editorial no identificada,  |c 1947 
300 |a 256 p. 
336 |a texto  |b txt  |2 rdacontenido 
337 |a sin mediación  |b n  |2 rdamedio 
338 |a volumen  |b nc  |2 rdasoporte 
520 |a Compilación de escritos por varios autores que dan una idea general de lo que fue y es Honduras. 
649 |a XX 
650 |a Honduras -  |x Historia 
650 |a Honduras -  |x Descripción 
910 |a Fondo Salvador Reynoso Reynoso 
920 |a Impresos - Libros 
930 |a Fondos Especiales 
905 |a 112 
901 |a 0800011967  |b IT2  |c ESP  |u 20250521 
902 |a https://opac.biblio.iteso.mx/vufind/Record/000131326